Open Data Biblioteca Nacional de Portugal


República Portuguesa: Ministério da Cultura
Biblioteca Nacional de Portugal

Catálogo da BNP: acesso por Identificadores Unívocos
Registos Bibliográficos associados ao registo de autoridade

Etiqueta de registo: 00230nam 2200025 450
001 1713427
003 http://id.bnportugal.gov.pt/bib/catbnp/1713427
100 ## $a20090522d2007 k y0pory01030103ba
101 0# $apor$deng
102 ## $aPT
105 ## $aa m 001yy
106 ## $ar
200 1# $aEspaço performativo$e o espaço da performance site-specific$fBeatriz Portugal$gorient. Maria João Brilhante
210 #9 $aLisboa$c[s.n.],$d2007
215 ## $a146, [1] f.$cil.$d30 cm
320 ## $aBibliografia, f. 113-123
328 #1 $aTese mestr. Estudos de Teatro, Fac. de Letras, Univ. de Lisboa, 2007
675 ## $a792.01(043)$vBN$zpor$31240903
675 ## $a792.091(469.121)"2002"(043)$vBN$zpor$31383572
700 #1 $aPortugal,$bBeatriz$31378742
702 #1 $aBrilhante,$bMaria João,$f1956-$4727$317338
712 02 $aUniversidade de Lisboa.$bFaculdade de Letras$4295$320098
801 #0 $aPT$bBN$gRPC
966 ## $lBN$mFGMON$sB.A. 29660 V.$x1

Etiqueta de registo: 00000nkm 2200025 450
001 2279742
003 http://id.bnportugal.gov.pt/bib/catbnp/2279742
100 ## $a20260312f1980 m y0pory01030103ba
101 0# $apor
102 ## $aPT
200 1# $aSexteto Jazz de Lisboa, aud. nac. Carlos Alberto, 25 fev$bVisual gráfico]$fAmnistia Internacional$gdesign Beatriz Portugal
210 #9 $aLondres$cAmnistia Internacional,$d[posterior a 1980]$e[S.l.] :$gVisarte & Guedes)
215 ## $a1 cartaz$ccolor.$d65,1x48,9 cm
306 ## $aDatação atribuída em conformidade com as designações institucionais
316 ## $aPequeno rasgo na lateral direita do documento
317 ## $aColeção Madeira Luís
702 #1 $aPortugal,$bBeatriz$4410$31378742
710 02 $aAmnistia Internacional$3195135
801 #0 $aPT$bBN$gRPC
966 ## $lBN$mICONOG$sCT. 24462 A.$x3
971 ## $cCaticonografia3$d20260312
995 ## $aPRR2026

OpendataBNP@bnportugal.pt | Mais informação sobre acesso aos dados BNP